00541nam a22001577a 450000500170000000800410001702000150005804100130007308200140008610000280010024501330012825000200026126000470028130000290032865000260035720231103065232.0231103b |||||||| |||| 00| 0 eng d a0702129178 aEnglish  a346.6 COM aPretorius, JT lEnglish aCompanies Act 61 of 1973 and Close Corporations Act 69 of 1984 : bwith Regulations, Tables of Cases and Indexes /cJT Pretorius aSecond Edition  aCape Town : bJuta and Company Ltd, c1993 bvi, 634 pages ; c25 cm. aLegal practice bLaw